Analýza podmienok čerpania finančných prostriedkov z fondov Európskej únie diplomová práca

Guardado en:
Detalles Bibliográficos
Autor principal: Mihalisková, Ľudmila
Autor Corporativo: Fakulta podnikového manažmentu EU. Katedra manažmentu
Otros Autores: Grznár, Miroslav
Formato: Libro
Lenguaje:eslovaco
Publicado: Bratislava 2009
Etiquetas: Agregar Etiqueta
Sin Etiquetas, Sea el primero en etiquetar este registro!

MARC

LEADER 00000nam$a2200000$$$4500
001 0101821
005 20240320074850.8
041 0 |a slo 
044 |a SK 
245 1 0 |a Analýza podmienok čerpania finančných prostriedkov z fondov Európskej únie  |b diplomová práca  |c Ľudmila Mihalisková ; škol. Miroslav Grznár 
264 1 |a Bratislava  |c 2009 
300 |a 78 s. 
100 1 |a Mihalisková, Ľudmila 
700 1 |a Grznár, Miroslav 
710 2 |a Fakulta podnikového manažmentu EU. Katedra manažmentu